Monet

Tallennettuna:
Bibliografiset tiedot
Päätekijä: Potts, Vanessa (Tekijä)
Aineistotyyppi: Kirja
Kieli:espanja
Julkaistu: Barcelona Parragon 2004
Aiheet:
Tagit: Lisää tagi
Ei tageja, Lisää ensimmäinen tagi!

MARC

LEADER 00000nam a2200000 a 4500
001 UCK5232
003 CL-VaPUC
008 050715e20040000SP |||||||||||||||||spa|d
020 |a 1405414979 
082 0 4 |a 759.05  |b POT  |2 21 
100 0 |a Potts, Vanessa  |e author  |9 493968 
245 1 0 |a Monet 
300 |a 256 p 
942 |c BK 
945 |d 20050715 00:00:00  |a jcarroza 
260 |a Barcelona  |b Parragon  |c 2004 
600 0 |a Monet, Claude,  |d 1840-1926  |9 474494 
650 7 |a IMPRESIONISMO  |2 CL-VaPUC  |9 324638 
650 0 |a Pintores franceses   |9 340354 
650 0 |a Pintura francesa  |9 266122 
583 |a last modification  |c 20050715 00:00:00  |k Rodrigo Vera 
999 |c 313864  |d 313862 
952 |0 0  |1 0  |4 0  |6 759_050000000000000_POT_2004  |7 0  |8 A  |9 385595  |a BIBHIS  |b BIBHIS  |d 2019-11-22  |i 4144937  |o 759.05 POT 2004  |p 4144937  |r 2025-01-20  |w 2019-11-22  |y BK  |k HIS 
952 |0 0  |1 0  |4 0  |6 759_050000000000000_POT_2004  |7 0  |8 A  |9 385596  |a BIBHIS  |b BIBHIS  |d 2019-11-22  |i 4148843  |l 1  |o 759.05 POT 2004  |p 4148843  |r 2025-01-20  |s 2024-04-30  |w 2019-11-22  |y BK  |k HIS 
952 |0 0  |1 0  |4 0  |6 759_050000000000000_POT_2004  |7 0  |8 A  |9 385597  |a BIBHIS  |b BIBHIS  |d 2019-11-22  |i 4215990  |o 759.05 POT 2004  |p 4215990  |r 2025-01-20  |w 2019-11-22  |y BK  |k HIS